| 000 | 01045nam0a22002531 4500 | ||
|---|---|---|---|
| 001 | rc\4389096 | ||
| 005 | 20130416145340.8 | ||
| 021 |
_aRU _b97-ВП-133/30 |
||
| 035 | _a(NLR Aleph) 008293195 | ||
| 090 |
_a8589237 _c8589237 |
||
| 100 | _a20130416d1963 |||y0rusy50 ca | ||
| 101 | 0 | _arus | |
| 102 | _aRU | ||
| 105 | _ay z ||||| | ||
| 200 | 1 |
_aСборник материалов Всероссийского научного общества дерматологов и венерологов _f[Редколлегия: проф. Н.С. Смелов] [и др.] _gВсерос. науч. о-во врачей дерматовенерологов |
|
| 210 |
_aМосква _cБ. и. _d1963 |
||
| 215 |
_a32 с. _d21 |
||
| 702 | 1 |
_aСмелов _bН. С. _4340 |
|
| 710 | 0 | 2 |
_aВсероссийское научно-медицинское общество дерматологов и венерологов _3RU\NLR\AUTH\889953300 |
| 801 | 0 |
_aRU _bNLR _gpsbo |
|
| 801 | 1 |
_aRU _bELAR _2rusmarc |
|
| 852 |
_aNLR _j63-6/7142 |
||
| 942 | _cBOOK | ||
| 980 | _aNB | ||